[Event "12th PKWN Festival it"]
[Site "Lublin POL"]
[Date "1976.07.??"]
[Round "1"]
[White "Suetin, Alexei"]
[Black "Kuligowski, Adam"]
[Result "1-0"]
[WhiteElo "2525"]
[BlackElo "2345"]
[EventDate "1976.07.15"]
[PlyCount "83"]

1.e4 c5 2.Nf3 d6 3.c3 Nf6 4.Qc2 e5 5.d4 Nbd7 6.dxe5 dxe5 7.Bc4 Be7 8.O-O 
O-O 9.a4 b6 10.Bg5 Bb7 11.Nfd2 Ne8 12.Be3 Nd6 13.Bd3 Qc7 14.Nc4 Nxc4 15.
Bxc4 Nf6 16.Nd2 Ng4 17.Rfe1 Nxe3 18.Rxe3 Bg5 19.Re2 a6 20.Nf3 Bh6 21.Rd1 
Rad8 22.Ree1 Kh8 23.Qe2 f5 24.Rxd8 Rxd8 25.exf5 e4 26.Bd3 Qf7 27.Bxe4 Re8 
28.Qd3 Qe7 29.Bxb7 Qxe1+ 30.Nxe1 Rxe1+ 31.Qf1 Rxf1+ 32.Kxf1 Bc1 33.b3 Bb2 
34.c4 a5 35.Bd5 g5 36.fxg6 hxg6 37.f4 Kg7 38.Ke2 Kf6 39.Kf3 Bc3 40.Be4 Be1
41.Kg4 Bf2 42.h4 1-0

[Event "12th PKWN Festival it"]
[Site "Lublin POL"]
[Date "1976.07.??"]
[Round "1"]
[White "Schinzel, Wladyslaw"]
[Black "Makarichev, Sergei"]
[Result "0-1"]
[WhiteElo "2370"]
[BlackElo "2495"]
[EventDate "1976.07.15"]
[PlyCount "152"]

1.c4 Nf6 2.Nf3 e6 3.g3 a6 4.Bg2 b5 5.d3 bxc4 6.dxc4 Bb7 7.O-O Be7 8.Nc3 
O-O 9.b3 c5 10.Ne1 Bxg2 11.Kxg2 Nc6 12.Nc2 Qc7 13.Bb2 Rad8 14.e4 d6 15.Qe2
Nd7 16.Na4 Bf6 17.Bxf6 Nxf6 18.f4 Nd4 19.Qd3 Nxc2 20.Qxc2 Nd7 21.Rad1 Nb8 
22.f5 Nc6 23.fxe6 fxe6 24.Rxf8+ Rxf8 25.Qd3 Ne5 26.Qe2 Qe7 27.Rf1 Rxf1 28.
Qxf1 Qb7 29.Qe1 h6 30.h3 Kf7 31.Qe3 g5 32.Nc3 Kg6 33.Nd1 Qg7 34.Nf2 Nc6 
35.Qd3 Qe5 36.Qf3 Kg7 37.Qh5 Qf6 38.Qd1 Nd4 39.Nd3 Qg6 40.Nf2 Qe8 41.Qd2 
Qc6 42.Qa5 Qc8 43.Kf1 Kg6 44.Qb6 Qf8 45.Qxa6 Nf3 46.Qa5 Nh2+ 47.Ke1 Qf3 
48.Qd2 Qxg3 49.Kd1 Nf3 50.Qe3 Qg1+ 51.Kc2 Ne5 52.a4 Qa1 53.Qc3 Qa2+ 54.Qb2
Qxb2+ 55.Kxb2 Nc6 56.Nd3 e5 57.Kc3 Kh5 58.b4 cxb4+ 59.Nxb4 Nb8 60.a5 Kh4 
61.a6 Nxa6 62.Nxa6 Kxh3 63.c5 dxc5 64.Nxc5 Kg3 65.Nd3 h5 66.Nxe5 h4 67.Nf3
Kxf3 68.e5 h3 69.e6 h2 70.e7 h1=Q 71.e8=Q Qc1+ 72.Kd3 Qb1+ 73.Kd2 Qb4+ 74.
Kd3 Qd6+ 75.Kc2 Qc5+ 76.Kb2 Qf2+ 0-1

[Event "12th PKWN Festival it"]
[Site "Lublin POL"]
[Date "1976.07.??"]
[Round "1"]
[White "Hulak, Krunoslav"]
[Black "Adamski, Jan"]
[Result "1/2-1/2"]
[WhiteElo "2470"]
[BlackElo "2415"]
[EventDate "1976.07.15"]
[PlyCount "62"]

1.e4 c5 2.Nf3 e6 3.d3 Nc6 4.g3 Nge7 5.Bg2 g6 6.O-O Bg7 7.Re1 O-O 8.c3 e5 
9.Be3 d6 10.Na3 b6 11.Qd2 d5 12.exd5 Nxd5 13.Bh6 Bxh6 14.Qxh6 f6 15.Rad1 
Bg4 16.Qh4 Qd7 17.d4 g5 18.Nxg5 fxg5 19.Bxd5+ Kh8 20.Qxg5 Bxd1 21.Bxc6 
Qxc6 22.Qxe5+ Kg8 23.Qg5+ Kh8 24.Qe5+ Kg8 25.Qg5+ Kh8 26.Rxd1 Qf3 27.Qe5+ 
Kg8 28.Qe6+ Kh8 29.Qe5+ Kg8 30.Qg5+ Kh8 31.Qe5+ 1/2-1/2

[Event "12th PKWN Festival it"]
[Site "Lublin POL"]
[Date "1976.07.??"]
[Round "1"]
[White "Robatsch, Karl"]
[Black "Bielczyk, Jacek"]
[Result "1/2-1/2"]
[WhiteElo "2445"]
[BlackElo "2375"]
[EventDate "1976.07.15"]
[PlyCount "68"]

1.c4 g6 2.e4 Bg7 3.d4 d6 4.Nc3 Nf6 5.Nf3 O-O 6.Be2 e5 7.Be3 Nbd7 8.O-O Ng4
9.Bg5 f6 10.Bh4 Nh6 11.dxe5 dxe5 12.Nd2 Nf7 13.b4 c6 14.Qc2 Qe7 15.a3 Rd8 
16.Nb3 Nf8 17.Rfd1 Rxd1+ 18.Rxd1 Ne6 19.f3 Bf8 20.Bf2 Kg7 21.Be3 Qc7 22.
Bf1 b6 23.Qf2 c5 24.Nd5 Qd6 25.Qh4 Nd4 26.Nxd4 cxd4 27.Bd2 Bb7 28.Rc1 Qd8 
29.Bd3 Rc8 30.Qe1 Nd6 31.Qd1 Qd7 32.Qb3 f5 33.Rf1 Bxd5 34.cxd5 b5 1/2-1/2

[Event "12th PKWN Festival it"]
[Site "Lublin POL"]
[Date "1976.07.??"]
[Round "1"]
[White "Georgadze, Tamaz"]
[Black "Ermenkov, Evgeny"]
[Result "1-0"]
[WhiteElo "2475"]
[BlackElo "2435"]
[EventDate "1976.07.15"]
[PlyCount "80"]

1.c4 g6 2.Nc3 c5 3.Nf3 Bg7 4.g3 Nc6 5.Bg2 d6 6.O-O Nf6 7.d4 O-O 8.e3 a6 9.
b3 Rb8 10.Bb2 b5 11.dxc5 dxc5 12.Qe2 Qa5 13.Nd5 bxc4 14.Ne5 Nxe5 15.Nxe7+ 
Kh8 16.Bxe5 Rb6 17.Bc7 Be6 18.Bxb6 Qxb6 19.bxc4 Qd6 20.Nd5 Nxd5 21.cxd5 
Bf5 22.Rac1 Rb8 23.Qc4 Rb5 24.e4 Bd7 25.Rfd1 g5 26.h3 h5 27.Rb1 Bd4 28.a4 
Rxb1 29.Rxb1 h4 30.gxh4 Qf4 31.Qe2 g4 32.Rb7 Bxa4 33.hxg4 Bd1 34.Qe1 Qxg4 
35.Rxf7 c4 36.Qd2 Bg7 37.f3 Qh5 38.Rxg7 Kxg7 39.Qxd1 Qe5 40.d6 1-0

[Event "12th PKWN Festival it"]
[Site "Lublin POL"]
[Date "1976.07.??"]
[Round "1"]
[White "Damjanovic, Mato"]
[Black "Nikolac, Juraj"]
[Result "1/2-1/2"]
[WhiteElo "2425"]
[BlackElo "2485"]
[EventDate "1976.07.15"]
[PlyCount "52"]

1.e4 c6 2.d4 d5 3.exd5 cxd5 4.Bd3 Nc6 5.c3 g6 6.h3 Nh6 7.Nf3 Bf5 8.g4 Bxd3
9.Qxd3 Qd7 10.Be3 f6 11.c4 Nf7 12.Nc3 Nb4 13.Qe2 dxc4 14.O-O-O Nd5 15.Nd2 
Nxc3 16.bxc3 Bg7 17.Qxc4 Rc8 18.Qb3 O-O 19.Kb1 e6 20.Ne4 Rc6 21.d5 exd5 
22.Rxd5 Qe7 23.f3 b6 24.Rhd1 Qe6 25.Bd4 Kh8 26.h4 Nd6 1/2-1/2

[Event "12th PKWN Festival it"]
[Site "Lublin POL"]
[Date "1976.07.??"]
[Round "1"]
[White "Pokojowczyk, Jerzy"]
[Black "Szymczak, Zbigniew"]
[Result "0-1"]
[WhiteElo "2335"]
[BlackElo "2400"]
[EventDate "1976.07.15"]
[PlyCount "62"]

1.e4 c5 2.Nc3 Nc6 3.g3 g6 4.d3 Bg7 5.Be3 d6 6.Qd2 Nf6 7.Bh6 O-O 8.Bg2 Bxh6
9.Qxh6 Nd4 10.O-O-O Rb8 11.h4 Ng4 12.Qd2 b5 13.h5 b4 14.Nb1 e5 15.Nh3 Be6 
16.Ng5 b3 17.axb3 Bxb3 18.c3 Bxd1 19.cxd4 Bb3 20.dxc5 dxc5 21.Nxh7 Kxh7 
22.Bf3 g5 23.Bxg4 Be6 24.Qe2 Qd4 25.Nc3 Rb3 26.Qf3 Rd8 27.Kc2 Rdb8 28.Bxe6
Rxb2+ 29.Kd1 Rxf2 30.Qf5+ Rxf5 31.Bxf5+ Kh6 0-1

[Event "12th PKWN Festival it"]
[Site "Lublin POL"]
[Date "1976.07.??"]
[Round "2"]
[White "Nikolac, Juraj"]
[Black "Suetin, Alexei"]
[Result "0-1"]
[WhiteElo "2485"]
[BlackElo "2525"]
[EventDate "1976.07.15"]
[PlyCount "82"]

1.d4 Nf6 2.c4 c5 3.d5 d6 4.Nc3 g6 5.e4 Bg7 6.Bd3 O-O 7.Nge2 e6 8.O-O exd5 
9.cxd5 b6 10.h3 Ba6 11.Bg5 h6 12.Bh4 Bxd3 13.Qxd3 Nbd7 14.f4 a6 15.a4 Qc7 
16.b3 Rfe8 17.Qc4 Qb7 18.b4 cxb4 19.Bxf6 Bxf6 20.Qxb4 Rac8 21.Rab1 Qc7 22.
Rf3 Qc5+ 23.Kf1 Qxb4 24.Rxb4 a5 25.Rb3 Rc4 26.Re3 h5 27.g3 Kf8 28.h4 Bd8 
29.Ra3 Nf6 30.e5 Ng4 31.Re4 Rxe4 32.Nxe4 dxe5 33.f5 gxf5 34.Nd6 Be7 35.
Nxe8 Bxa3 36.Nc7 Ke7 37.Nc3 Bd6 38.N7b5 Bb4 39.Ke2 Bxc3 40.Nxc3 Kd6 41.Kd3
Kc5 0-1

[Event "12th PKWN Festival it"]
[Site "Lublin POL"]
[Date "1976.07.??"]
[Round "2"]
[White "Adamski, Jan"]
[Black "Schinzel, Wladyslaw"]
[Result "1/2-1/2"]
[WhiteElo "2415"]
[BlackElo "2370"]
[EventDate "1976.07.15"]
[PlyCount "88"]

1.c4 e5 2.Nc3 Nf6 3.Nf3 Nc6 4.g3 Bb4 5.Bg2 O-O 6.O-O Bxc3 7.dxc3 d6 8.b3 
Bd7 9.Ne1 h6 10.Nc2 Qc8 11.e4 Kh7 12.Ne3 Ne7 13.Qd3 Bh3 14.Nd5 Nfxd5 15.
cxd5 Bxg2 16.Kxg2 f5 17.Bd2 fxe4 18.Qxe4+ Ng6 19.c4 Rf5 20.Be3 Qd7 21.Rac1
b6 22.b4 a5 23.a3 axb4 24.axb4 Ra4 25.Bd2 Ra2 26.Be3 Ra4 27.Bd2 Qf7 28.b5 
Ra8 29.Be3 h5 30.Ra1 Rxa1 31.Rxa1 Qf8 32.Ra7 Rf7 33.Qc2 Qe8 34.Qd1 h4 35.
Qh5+ Kg8 36.Kg1 Qb8 37.Ra1 Ne7 38.Qxh4 Nf5 39.Qe4 Qf8 40.h4 Nxe3 41.Qxe3 
Rf3 42.Qe2 Qf5 43.Kg2 Rc3 44.Ra8+ 1/2-1/2

[Event "12th PKWN Festival it"]
[Site "Lublin POL"]
[Date "1976.07.??"]
[Round "2"]
[White "Georgadze, Tamaz"]
[Black "Pokojowczyk, Jerzy"]
[Result "1-0"]
[WhiteElo "2475"]
[BlackElo "2335"]
[EventDate "1976.07.15"]
[PlyCount "118"]

1.c4 Nf6 2.g3 e6 3.Bg2 d5 4.Nf3 Be7 5.O-O O-O 6.d4 dxc4 7.Nbd2 b5 8.a4 c6 
9.Qc2 Na6 10.b3 Nb4 11.Qb2 cxb3 12.Nxb3 bxa4 13.Rxa4 Qb6 14.Ne5 Ba6 15.Nc5
Rab8 16.Rxb4 Qxb4 17.Qxb4 Rxb4 18.Nxa6 Ra4 19.Nxc6 Bd6 20.Nc5 Ra2 21.e4 
Re8 22.e5 Bxc5 23.dxc5 Nd7 24.Nb4 Ra5 25.c6 Nxe5 26.Bf4 Rc8 27.Bxe5 Rxe5 
28.Na6 Ra5 29.c7 Rxa6 30.Rd1 Ra1 31.Rxa1 Rxc7 32.Rb1 g6 33.Rb7 Rc1+ 34.Bf1
Ra1 35.Kg2 a5 36.Ra7 a4 37.Bb5 a3 38.Be8 Kf8 39.Bxf7 Re1 40.Bxg6 hxg6 41.
Rxa3 Kf7 42.Rf3+ Ke7 43.h4 Ra1 44.g4 e5 45.g5 Ra6 46.Kg3 Ra4 47.Rf6 Ra3+ 
48.f3 e4 49.Rxg6 Rxf3+ 50.Kg4 Ra3 51.h5 e3 52.Kf3 Kf7 53.Rf6+ Kg7 54.h6+ 
Kg8 55.g6 e2+ 56.Kxe2 Ra8 57.Ke3 Rb8 58.Ke4 Ra8 59.Rd6 1-0

[Event "12th PKWN Festival it"]
[Site "Lublin POL"]
[Date "1976.07.??"]
[Round "2"]
[White "Kuligowski, Adam"]
[Black "Hulak, Krunoslav"]
[Result "1/2-1/2"]
[WhiteElo "2345"]
[BlackElo "2470"]
[EventDate "1976.07.15"]
[PlyCount "63"]

1.c4 g6 2.e4 Bg7 3.d4 d6 4.Nc3 Nf6 5.f3 O-O 6.Be3 b6 7.Bd3 a6 8.Nge2 c5 9.
e5 Nfd7 10.exd6 exd6 11.O-O Nc6 12.Be4 Bb7 13.Qd2 Nf6 14.Rad1 Re8 15.Bg5 
cxd4 16.Nd5 Rb8 17.Qf4 Nxd5 18.cxd5 Ne7 19.Nxd4 b5 20.Kh1 Rc8 21.b3 Qd7 
22.Bxe7 Qxe7 23.Nc6 Qd7 24.g4 Rf8 25.Rg1 Rce8 26.Rc1 Be5 27.Qd2 Kh8 28.f4 
Bg7 29.Bf3 Bc8 30.a4 Qb7 31.a5 Kg8 32.Rge1 1/2-1/2

[Event "12th PKWN Festival it"]
[Site "Lublin POL"]
[Date "1976.07.??"]
[Round "2"]
[White "Bielczyk, Jacek"]
[Black "Damjanovic, Mato"]
[Result "1/2-1/2"]
[WhiteElo "2375"]
[BlackElo "2425"]
[EventDate "1976.07.15"]
[PlyCount "46"]

1.e4 c5 2.Nf3 Nc6 3.d4 cxd4 4.Nxd4 Qc7 5.Nc3 e6 6.Be2 a6 7.O-O Nf6 8.Kh1 
Bb4 9.Bg5 Qd6 10.Nxc6 bxc6 11.Bd3 h6 12.Bd2 Qb8 13.f4 d5 14.e5 Nd7 15.Qh5 
Nc5 16.f5 Nxd3 17.fxe6 Bxe6 18.cxd3 Be7 19.b3 g6 20.Qe2 h5 21.d4 h4 22.h3 
Rh5 23.Rad1 1/2-1/2

[Event "12th PKWN Festival it"]
[Site "Lublin POL"]
[Date "1976.07.??"]
[Round "2"]
[White "Ermenkov, Evgeny"]
[Black "Makarichev, Sergei"]
[Result "1/2-1/2"]
[WhiteElo "2435"]
[BlackElo "2495"]
[EventDate "1976.07.15"]
[PlyCount "42"]

1.e4 e5 2.Nf3 Nf6 3.Nxe5 d6 4.Nf3 Nxe4 5.Qe2 Qe7 6.d3 Nf6 7.Bg5 Nbd7 8.Nc3
Qxe2+ 9.Bxe2 h6 10.Bh4 g5 11.Bg3 Nb6 12.O-O-O Bd7 13.Rhe1 O-O-O 14.Bf1 Bg7
15.Kd2 Rde8 16.Rxe8+ Rxe8 17.Re1 Rxe1 18.Nxe1 Nbd5 19.Nxd5 Nxd5 20.c3 Ne7 
21.f3 Be6 1/2-1/2

[Event "12th PKWN Festival it"]
[Site "Lublin POL"]
[Date "1976.07.??"]
[Round "3"]
[White "Pokojowczyk, Jerzy"]
[Black "Ermenkov, Evgeny"]
[Result "0-1"]
[WhiteElo "2335"]
[BlackElo "2435"]
[EventDate "1976.07.15"]
[PlyCount "68"]

1.e4 c5 2.Nf3 Nc6 3.d4 cxd4 4.Nxd4 Nf6 5.Nc3 d6 6.Bg5 e6 7.Qd2 a6 8.O-O-O 
Bd7 9.f4 Be7 10.Nf3 b5 11.Bxf6 Bxf6 12.Qxd6 Be7 13.Qd2 b4 14.Ne2 Ra7 15.
Ned4 Qb8 16.Nxc6 Bxc6 17.Ne5 Bxe4 18.Qe3 Qa8 19.Bc4 O-O 20.Rhe1 Bg6 21.g4 
Rc7 22.Qb3 a5 23.f5 exf5 24.Nxg6 hxg6 25.gxf5 a4 26.Qd3 gxf5 27.Rg1 Qc6 
28.Rxg7+ Kxg7 29.Rg1+ Qg6 30.Rxg6+ fxg6 31.Qe2 Bg5+ 32.Kb1 Re7 33.Qf2 Re4 
34.Bd3 Bh4 0-1

[Event "12th PKWN Festival it"]
[Site "Lublin POL"]
[Date "1976.07.??"]
[Round "3"]
[White "Hulak, Krunoslav"]
[Black "Nikolac, Juraj"]
[Result "1/2-1/2"]
[WhiteElo "2470"]
[BlackElo "2485"]
[EventDate "1976.07.15"]
[PlyCount "90"]

1.e4 e5 2.Nf3 Nc6 3.Bb5 Nf6 4.O-O Bc5 5.c3 O-O 6.d4 Bb6 7.dxe5 Nxe4 8.Qd5 
Nc5 9.Bg5 Ne7 10.Qd1 Ne4 11.Bh4 d5 12.exd6 Nxd6 13.Bd3 Bf5 14.Re1 f6 15.
Na3 Bxd3 16.Qxd3 Ndf5 17.Qc4+ Qd5 18.Rad1 Qxc4 19.Nxc4 Rfd8 20.g4 Nxh4 21.
Nxh4 Kf8 22.Kg2 g6 23.f4 Nd5 24.Kf3 c6 25.Ng2 Bc7 26.Nce3 Nxe3 27.Nxe3 
Rxd1 28.Rxd1 Rd8 29.Rxd8+ Bxd8 30.Ke4 Bb6 31.Nc4 Bc7 32.h3 Kf7 33.f5 g5 
34.Nd2 Ke7 35.b3 Kd6 36.Nf3 Ba5 37.b4 Bb6 38.c4 Bf2 39.c5+ Kd7 40.Kd3 Bg3 
41.Kc4 Bf4 42.a4 a6 43.b5 axb5+ 44.axb5 Be3 45.Ne1 b6 1/2-1/2

[Event "12th PKWN Festival it"]
[Site "Lublin POL"]
[Date "1976.07.??"]
[Round "3"]
[White "Schinzel, Wladyslaw"]
[Black "Kuligowski, Adam"]
[Result "1-0"]
[WhiteElo "2370"]
[BlackElo "2345"]
[EventDate "1976.07.15"]
[PlyCount "123"]

1.c4 Nf6 2.g3 e5 3.Nc3 Bb4 4.Bg2 O-O 5.Nf3 Re8 6.O-O e4 7.Ne1 Bxc3 8.dxc3 
d6 9.Nc2 Nbd7 10.b3 a5 11.a4 b6 12.Ne3 Bb7 13.Ra2 Re5 14.h3 Nc5 15.g4 Qd7 
16.f4 exf3 17.exf3 Rae8 18.Nf5 Rxf5 19.gxf5 Qxf5 20.b4 Nd3 21.Re2 Rxe2 22.
Qxe2 Ba6 23.b5 Bc8 24.Qe7 Qd7 25.Qe3 Nc5 26.Qd4 Qf5 27.Qh4 Be6 28.Bg5 Nxa4
29.Re1 Nxc3 30.Bxf6 Qxf6 31.Qxf6 gxf6 32.Bf1 Na4 33.Kf2 Kf8 34.Ke3 Ke7 35.
Kd4 Kd7 36.h4 Nc5 37.f4 Bf5 38.Bg2 Ne6+ 39.Kc3 Ke7 40.Bb7 Bg4 41.Be4 Nxf4 
42.Bxh7+ Ne6 43.Rf1 Ng7 44.Rg1 f5 45.Bxf5 Bxf5 46.Rxg7 Kf8 47.Rg5 Bh7 48.
Kd4 a4 49.Kc3 a3 50.h5 a2 51.Kb2 Bb1 52.h6 Bg6 53.Kxa2 Kg8 54.Rg4 Kh7 55.
Rh4 Bf5 56.Kb3 Be6 57.Kb4 d5 58.c5 bxc5+ 59.Kxc5 Bd7 60.Rd4 Kxh6 61.Rxd5 
Bg4 62.Re5 1-0

[Event "12th PKWN Festival it"]
[Site "Lublin POL"]
[Date "1976.07.??"]
[Round "3"]
[White "Makarichev, Sergei"]
[Black "Adamski, Jan"]
[Result "1/2-1/2"]
[WhiteElo "2495"]
[BlackElo "2415"]
[EventDate "1976.07.15"]
[PlyCount "24"]

1.e4 c5 2.Nf3 d6 3.d4 cxd4 4.Nxd4 Nf6 5.Nc3 e6 6.g4 h6 7.h4 Be7 8.Rg1 d5 
9.Bb5+ Kf8 10.exd5 Nxd5 11.Qf3 Nb4 12.Be3 1/2-1/2

[Event "12th PKWN Festival it"]
[Site "Lublin POL"]
[Date "1976.07.??"]
[Round "3"]
[White "Suetin, Alexei"]
[Black "Bielczyk, Jacek"]
[Result "1-0"]
[WhiteElo "2525"]
[BlackElo "2375"]
[EventDate "1976.07.15"]
[PlyCount "77"]

1.e4 c5 2.Nf3 Nc6 3.d4 cxd4 4.Nxd4 Nf6 5.Nc3 d6 6.Bg5 e6 7.Qd2 a6 8.O-O-O 
h6 9.Be3 Bd7 10.f4 b5 11.Bd3 Qa5 12.Kb1 Rc8 13.h3 Nxd4 14.Bxd4 Bc6 15.Bxf6
gxf6 16.Rhe1 Be7 17.Qe3 Qc7 18.Qg3 Kf8 19.Rd2 Bb7 20.f5 e5 21.Bf1 Qc5 22.
Qd3 Rg8 23.g4 Kg7 24.Red1 Rgd8 25.Qe2 Rd7 26.Nd5 Bxd5 27.Rxd5 Qb6 28.h4 
Rdc7 29.R5d2 Rc6 30.Qf3 Qc5 31.Bd3 Qb6 32.Rf1 Kh7 33.g5 Rg8 34.Qh5 fxg5 
35.f6 Bf8 36.Qxf7+ Kh8 37.hxg5 Rc7 38.Qe8 Qe3 39.Rh2 1-0

[Event "12th PKWN Festival it"]
[Site "Lublin POL"]
[Date "1976.07.??"]
[Round "3"]
[White "Robatsch, Karl"]
[Black "Georgadze, Tamaz"]
[Result "1/2-1/2"]
[WhiteElo "2445"]
[BlackElo "2475"]
[EventDate "1976.07.15"]
[PlyCount "59"]

1.c4 e5 2.Nc3 Nf6 3.Nf3 Nc6 4.d3 Be7 5.Nd5 O-O 6.g3 Re8 7.Bg2 Nxd5 8.cxd5 
Nd4 9.Nd2 c5 10.a4 d6 11.e3 Nf5 12.Nc4 g6 13.Bd2 Bf8 14.a5 Bd7 15.b4 cxb4 
16.Bxb4 Bb5 17.Qb3 Rc8 18.Rc1 e4 19.Bxe4 Nd4 20.exd4 f5 21.Bd2 Ba6 22.f3 
fxe4 23.fxe4 Qf6 24.Ke2 Qxd4 25.Be3 Rxe4 26.dxe4 Qxe4 27.Kf2 Bxc4 28.Qc2 
Qxd5 29.Rhd1 Qf7+ 30.Kg1 1/2-1/2

[Event "12th PKWN Festival it"]
[Site "Lublin POL"]
[Date "1976.07.??"]
[Round "3"]
[White "Damjanovic, Mato"]
[Black "Szymczak, Zbigniew"]
[Result "0-1"]
[WhiteElo "2425"]
[BlackElo "2400"]
[EventDate "1976.07.15"]
[PlyCount "122"]

1.e4 c5 2.Nf3 d6 3.d4 Nf6 4.Nc3 cxd4 5.Nxd4 Nc6 6.Bg5 e6 7.Qd2 a6 8.O-O-O 
h6 9.Bxf6 Qxf6 10.Nb3 Qd8 11.Kb1 Be7 12.f4 O-O 13.Be2 b5 14.Bf3 Qb6 15.Ne2
a5 16.Nbd4 Bb7 17.f5 Nxd4 18.Nxd4 e5 19.Ne2 b4 20.Ng3 Rfd8 21.h4 a4 22.f6 
Bxf6 23.Nf5 b3 24.cxb3 axb3 25.a3 Ra4 26.Rhe1 h5 27.Qe3 Ra6 28.Qe2 g6 29.
Ne3 Bxh4 30.Rh1 Bg5 31.Nd5 Qc5 32.Rd3 Bxd5 33.Rxd5 Qc6 34.Rd3 Rb6 35.Rc3 
Qb7 36.Qd3 Rc8 37.Rxc8+ Qxc8 38.Be2 Kg7 39.Rf1 h4 40.Qc4 Qb7 41.Bd1 Bf4 
42.Be2 Be3 43.Bd3 Bd4 44.a4 Rb4 45.Rxf7+ Qxf7 46.Qxb4 Qf2 47.Qxb3 Qxg2 48.
Qb5 h3 49.Bf1 Qxe4+ 50.Ka2 Qf3 51.Bc4 h2 52.Bd5 Qf5 53.Qe2 Qf2 54.Qb5 Kf6 
55.a5 Qd2 56.a6 Bxb2 57.Qb7 Bd4+ 58.Ka3 Qa5+ 59.Kb3 Qc3+ 60.Ka4 Qa1+ 61.
Kb5 Qb1+ 0-1

[Event "12th PKWN Festival it"]
[Site "Lublin POL"]
[Date "1976.07.??"]
[Round "4"]
[White "Georgadze, Tamaz"]
[Black "Damjanovic, Mato"]
[Result "1-0"]
[WhiteElo "2475"]
[BlackElo "2425"]
[EventDate "1976.07.15"]
[PlyCount "88"]

1.c4 c5 2.Nf3 g6 3.d4 cxd4 4.Nxd4 Nc6 5.e4 Nf6 6.Nc3 Nxd4 7.Qxd4 d6 8.Be3 
Bg7 9.f3 O-O 10.Qd2 Bd7 11.Be2 Bc6 12.O-O a5 13.b3 Nd7 14.Rac1 Nc5 15.Rfd1
Qb6 16.Nd5 Bxd5 17.cxd5 Qb4 18.Rc4 Qxd2 19.Rxd2 Rfc8 20.Rcc2 h5 21.Bb5 f5 
22.exf5 gxf5 23.Rc4 Kf7 24.Re2 Bf6 25.Kf1 Kg6 26.Rec2 b6 27.g4 hxg4 28.
fxg4 fxg4 29.Rxg4+ Kf7 30.Rcg2 Rg8 31.Rxg8 Rxg8 32.Rxg8 Kxg8 33.Kg2 Be5 
34.h4 Kf7 35.Kf3 e6 36.Bc4 exd5 37.Bxd5+ Kg7 38.Bc6 Bf6 39.h5 Nd3 40.h6+ 
Kh8 41.Be4 Nb4 42.a3 d5 43.axb4 dxe4+ 44.Kxe4 1-0

[Event "12th PKWN Festival it"]
[Site "Lublin POL"]
[Date "1976.07.??"]
[Round "4"]
[White "Kuligowski, Adam"]
[Black "Makarichev, Sergei"]
[Result "0-1"]
[WhiteElo "2345"]
[BlackElo "2495"]
[EventDate "1976.07.15"]
[PlyCount "62"]

1.Nf3 c5 2.c4 Nf6 3.Nc3 e6 4.e3 Nc6 5.d4 d5 6.a3 Ne4 7.Qc2 Nxc3 8.bxc3 Be7
9.Bd3 dxc4 10.Bxc4 O-O 11.Bb2 Qc7 12.O-O cxd4 13.exd4 Bf6 14.Rfe1 g6 15.
Ba2 Nxd4 16.Nxd4 Bxd4 17.Re4 Bg7 18.Rc4 Qe7 19.a4 Bd7 20.Qb3 Bc6 21.Ba3 
Qg5 22.Rxc6 bxc6 23.Bxf8 Rxf8 24.Rd1 Qe5 25.g3 Rb8 26.Qa3 Qxc3 27.Qd6 Be5 
28.Qe7 Bd4 29.Qd6 Bxf2+ 30.Kf1 Rb2 31.Bxe6 Bc5 0-1

[Event "12th PKWN Festival it"]
[Site "Lublin POL"]
[Date "1976.07.??"]
[Round "4"]
[White "Ermenkov, Evgeny"]
[Black "Adamski, Jan"]
[Result "1/2-1/2"]
[WhiteElo "2435"]
[BlackElo "2415"]
[EventDate "1976.07.15"]
[PlyCount "82"]

1.e4 c5 2.Nf3 e6 3.d4 cxd4 4.Nxd4 Nf6 5.Nc3 d6 6.f4 a6 7.Be2 Be7 8.O-O O-O
9.Kh1 Qc7 10.Qe1 Nc6 11.Be3 Nxd4 12.Bxd4 b5 13.Qg3 Bb7 14.a3 Bc6 15.Rae1 
Qb7 16.Bd3 b4 17.axb4 Qxb4 18.Ne2 Qb7 19.e5 Nh5 20.Qh3 g6 21.Ng3 dxe5 22.
Bxe5 Ng7 23.f5 exf5 24.Bxg7 Kxg7 25.Nxf5+ gxf5 26.Qxf5 Bxg2+ 27.Kg1 Bc5+ 
28.Qxc5 Bxf1 29.Qg5+ Kh8 30.Qf6+ Kg8 31.Qg5+ Kh8 32.Qf6+ Kg8 33.Rxf1 Rab8 
34.Qg5+ Kh8 35.Qf6+ Kg8 36.Bxh7+ Kxh7 37.Qh4+ Kg7 38.Qg3+ Kh7 39.Qh3+ Kg7 
40.Qg4+ Kh7 41.Qh5+ 1/2-1/2

[Event "12th PKWN Festival it"]
[Site "Lublin POL"]
[Date "1976.07.??"]
[Round "4"]
[White "Szymczak, Zbigniew"]
[Black "Suetin, Alexei"]
[Result "1/2-1/2"]
[WhiteElo "2400"]
[BlackElo "2525"]
[EventDate "1976.07.15"]
[PlyCount "112"]

1.Nf3 g6 2.e4 Bg7 3.d4 d6 4.Nc3 Nf6 5.Be2 O-O 6.O-O Bg4 7.Be3 Nc6 8.Qd2 e5
9.dxe5 dxe5 10.Rad1 Qc8 11.Bg5 Bxf3 12.Bxf3 Nd4 13.Qd3 c6 14.Ne2 Ne6 15.
Bxf6 Bxf6 16.Bg4 Re8 17.Qc4 h5 18.Bxe6 Qxe6 19.Qxe6 Rxe6 20.Rd7 Re7 21.
Rfd1 Rxd7 22.Rxd7 Rb8 23.Nc1 Kf8 24.Kf1 Ke8 25.Rd1 Ke7 26.Ke2 Ke6 27.Nb3 
Be7 28.Rd3 b6 29.Rc3 Rc8 30.Rd3 f5 31.Nd2 b5 32.Rg3 Kf6 33.Rd3 Rc7 34.Kf3 
Ke6 35.Ke2 a5 36.Rg3 Kf7 37.Rf3 f4 38.c4 b4 39.Rd3 Ke6 40.Nf3 g5 41.Ne1 
Rc8 42.Nc2 Bc5 43.Rh3 Rh8 44.g4 fxg3 45.Rxg3 g4 46.h3 gxh3 47.Rxh3 a4 48.
Ne1 Bd4 49.Nd3 c5 50.f4 exf4 51.Nxf4+ Kd6 52.b3 Rf8 53.Nd3 axb3 54.axb3 
Rh8 55.Nf4 Rf8 56.Nd3 Rh8 1/2-1/2

[Event "12th PKWN Festival it"]
[Site "Lublin POL"]
[Date "1976.07.??"]
[Round "4"]
[White "Pokojowczyk, Jerzy"]
[Black "Robatsch, Karl"]
[Result "1/2-1/2"]
[WhiteElo "2335"]
[BlackElo "2445"]
[EventDate "1976.07.15"]
[PlyCount "80"]

1.e4 c5 2.Nf3 Nc6 3.d4 cxd4 4.Nxd4 Nf6 5.Nc3 d6 6.Bg5 Bd7 7.Qd2 Rc8 8.
O-O-O h6 9.Bxf6 gxf6 10.Kb1 Nxd4 11.Qxd4 Qa5 12.f4 Qc5 13.Qd2 f5 14.exf5 
Bxf5 15.Bb5+ Kd8 16.Qe2 Be6 17.Ne4 Qf5 18.Rhf1 Rg8 19.Ng3 Qc5 20.f5 Bc4 
21.Bxc4 Qxc4 22.Rd3 Rc6 23.Re1 Rg4 24.c3 Rf4 25.Qe3 Rg4 26.Red1 Qc5 27.Rd4
Bg7 28.R4d3 Qxe3 29.Rxe3 Bf6 30.Ne4 Be5 31.g3 Kc7 32.Nf2 Rg5 33.Rf3 Rc4 
34.Kc2 h5 35.Nd3 Bf6 36.Nf4 Be5 37.b3 Rc5 38.h4 Rg4 39.Nd5+ Kd7 40.Rfd3 
Rxg3 1/2-1/2

[Event "12th PKWN Festival it"]
[Site "Lublin POL"]
[Date "1976.07.??"]
[Round "5"]
[White "Hulak, Krunoslav"]
[Black "Szymczak, Zbigniew"]
[Result "1-0"]
[WhiteElo "2470"]
[BlackElo "2400"]
[EventDate "1976.07.15"]
[PlyCount "72"]

1.e4 e6 2.d4 d5 3.Nd2 c5 4.exd5 exd5 5.Ngf3 Nc6 6.Bb5 Bd6 7.dxc5 Bxc5 8.
O-O Ne7 9.Nb3 Bd6 10.Bg5 O-O 11.Re1 Bg4 12.Be2 Re8 13.h3 Bh5 14.Nfd4 Bxe2 
15.Qxe2 Qd7 16.Qd3 a6 17.Bxe7 Bxe7 18.c3 Bf8 19.Nf3 Rxe1+ 20.Rxe1 Rd8 21.
Qe3 Qc7 22.Rd1 g6 23.Rd3 Na5 24.Nxa5 Qxa5 25.a3 Qb5 26.Qd2 Qc5 27.Ne1 h5 
28.Nc2 Qb5 29.Nd4 Qc5 30.Nf5 Kh7 31.Ng3 Be7 32.Qf4 Kg8 33.Rf3 Rf8 34.Nxh5 
gxh5 35.Rg3+ Kh7 36.Qe5 1-0

[Event "12th PKWN Festival it"]
[Site "Lublin POL"]
[Date "1976.07.??"]
[Round "5"]
[White "Damjanovic, Mato"]
[Black "Pokojowczyk, Jerzy"]
[Result "1-0"]
[WhiteElo "2425"]
[BlackElo "2335"]
[EventDate "1976.07.15"]
[PlyCount "80"]

1.e4 c5 2.Nf3 d6 3.d4 cxd4 4.Nxd4 Nf6 5.Nc3 a6 6.Bg5 Nc6 7.Qd2 e6 8.O-O-O 
h6 9.Be3 Bd7 10.f3 b5 11.Kb1 Be7 12.h4 Qc7 13.Nxc6 Bxc6 14.Bf4 b4 15.Ne2 
e5 16.Bh2 a5 17.c4 bxc3 18.Nxc3 Rb8 19.Rc1 Qb7 20.Bc4 Nd7 21.Bg1 Qb4 22.
Qe2 O-O 23.Be3 Rfc8 24.Ba6 Bb7 25.Bxb7 Qxb7 26.g4 Bd8 27.g5 h5 28.Nd5 g6 
29.Rhd1 Rc6 30.Rxc6 Qxc6 31.Rc1 Qb7 32.b3 a4 33.b4 a3 34.Rc3 Qa8 35.Qd3 
Qb7 36.Rxa3 Bb6 37.Rc3 Bxe3 38.Qxe3 Qb5 39.Qd3 Qb7 40.Rc7 1-0

[Event "12th PKWN Festival it"]
[Site "Lublin POL"]
[Date "1976.07.??"]
[Round "5"]
[White "Adamski, Jan"]
[Black "Kuligowski, Adam"]
[Result "1-0"]
[WhiteElo "2415"]
[BlackElo "2345"]
[EventDate "1976.07.15"]
[PlyCount "61"]

1.c4 Nf6 2.Nf3 g6 3.b3 Bg7 4.Bb2 O-O 5.g3 c5 6.Bg2 Nc6 7.O-O d6 8.d4 cxd4 
9.Nxd4 Bd7 10.Nc3 Qa5 11.e3 Rfc8 12.Rc1 Rab8 13.Qe2 a6 14.Rfd1 b5 15.cxb5 
Nxd4 16.exd4 axb5 17.Qxe7 b4 18.Ne4 Nxe4 19.Bxe4 Bg4 20.Rxc8+ Rxc8 21.Rc1 
Rxc1+ 22.Bxc1 Bf8 23.Qe8 Qh5 24.Bd5 g5 25.h4 h6 26.hxg5 Bf3 27.Bxf3 Qxf3 
28.g6 Qd1+ 29.Kg2 Qxc1 30.Qxf7+ Kh8 31.Qh7# 1-0

[Event "12th PKWN Festival it"]
[Site "Lublin POL"]
[Date "1976.07.??"]
[Round "5"]
[White "Schinzel, Wladyslaw"]
[Black "Bielczyk, Jacek"]
[Result "1/2-1/2"]
[WhiteElo "2370"]
[BlackElo "2375"]
[EventDate "1976.07.15"]
[PlyCount "94"]

1.c4 g6 2.Nc3 Bg7 3.g3 c5 4.Bg2 Nc6 5.Nf3 e6 6.h4 Nge7 7.h5 d5 8.cxd5 exd5
9.Qa4 O-O 10.hxg6 Nxg6 11.d3 Bd7 12.Bh6 Nce7 13.Qc2 Bxh6 14.Rxh6 f6 15.
O-O-O Be6 16.d4 b6 17.Nh4 Rf7 18.Nxg6 Nxg6 19.dxc5 Qf8 20.Rdh1 f5 21.Bxd5 
Bxd5 22.Nxd5 Qxc5 23.Qxc5 bxc5 24.Rd1 Rb8 25.e3 Rfb7 26.Rd2 Ne5 27.Rh5 c4 
28.Rxf5 Nd3+ 29.Kd1 Rxb2 30.e4 Rxd2+ 31.Kxd2 Rb2+ 32.Kc3 Rxa2 33.f3 Ra4 
34.Ne3 Ne1 35.Nxc4 Ra1 36.Kd4 a5 37.Nxa5 Nxf3+ 38.Rxf3 Rxa5 39.e5 Kg7 40.
e6 Ra4+ 41.Ke5 Ra5+ 42.Ke4 Ra4+ 43.Kf5 Ra5+ 44.Kg4 Re5 45.Rf7+ Kg6 46.Re7 
Kf6 47.Rxh7 Kxe6 1/2-1/2